• 首页
  • 本馆介绍
  • 公告通知
  • 最新文献
  • 馆藏检索
  • 电子资源
  • 读者导购
  • 参考咨询
  • 我的图书馆
  • 登录
  • 详细信息显示
  • 放入我的书架
  • 预约/预借图书
  • 作者相关作品
  • 分类相关作品
  • 丛书相关作品
  • 出版社相关作品

书目信息

  • 表格格式
  • 工作单格式
  • 卡片格式
题名:
点击思维
    
 
作者: 张秀廷 著
分册:  
出版信息: 北京   北京大学出版社  2005
页数: 220页
开本: 23cm
丛书名: 逻辑时空丛书
单 册:
中图分类: B81-49 , B81-05
科图分类:
主题词: 逻辑--通俗读物 , 逻辑 , DISPLAY逻辑
电子资源:
ISBN: 7-301-09319-5
000 01000oam2 2200301 450
001 0929665938
005 20090928081701.95
010    @a7-301-09319-5@dCNY24.00
100    @a20051008d2005 em y0chiy50 ea
101 0  @achi
102    @aCN@b110000
105    @ay z 000yy
106    @ar
200 1  @a点击思维@e社会生活中的逻辑问题@f张秀廷著@Adian ji si wei
210    @a北京@c北京大学出版社@d2005
215    @a220页@d23cm
225 2  @a逻辑时空丛书
330    @a本书介绍了社会生活中的逻辑问题,内容包括:“真与假虚与实”、“心灵的扭曲”、“情境的干扰”、“集合与非集合”、“质疑典故”、“思维定势”等。
461  0 @1001002970704
517 1  @a社会生活中逻辑问题@Ashe hui sheng huo zhong luo ji wen ti
606 0  @a逻辑@j通俗读物
606 0  @a逻辑
606 0  @aDISPLAY逻辑
690    @aB81-49@v4
690    @aB81-05@v4
701  0 @a张秀廷@f(1941.2~)@4著@Azhang xiu ting
801  0 @aCN@b大连网信软件有限公司图书馆·11@c20090928
905    @a10447@dB81-05@eJY42
    
    点击思维:社会生活中的逻辑问题/张秀廷著.-北京:北京大学出版社,2005
    220页;23cm .-(逻辑时空丛书 )
    
    
    ISBN 7-301-09319-5:CNY24.00
    本书介绍了社会生活中的逻辑问题,内容包括:“真与假虚与实”、“心灵的扭曲”、“情境的干扰”、“集合与非集合”、“质疑典故”、“思维定势”等。
●
相关链接 在E读中查询图书 在五车中查询图书 在当当中查询图书 在豆瓣中查询图书


正题名:点击思维     索取号:B81-05/JY42         预约/预借

序号 登录号 条形码 馆藏地/架位号 状态 备注
1 7804813   278048131   学院路分馆/ [索取号:B81-05/JY42] 在馆    
2 7804814   278048140   学院路分馆/ [索取号:B81-05/JY42] 在馆    
3 7804815   278048159   学院路分馆/ [索取号:B81-05/JY42] 在馆    
4 7804816   278048168   学院路分馆/ [索取号:B81-05/JY42] 在馆    
5 7804817   278048177   学院路分馆/ [索取号:B81-05/JY42] 在馆    
6 7804818   278048186   学院路分馆/ [索取号:B81-05/JY42] 在馆    
7 7804819   278048195   学院路分馆/ [索取号:B81-05/JY42] 在馆    
唐山师范学院图书馆 欢迎您!
大连网信软件有限公司© 版权所有